Super tots 3: Student’s book

Gardado en:
Detalles Bibliográficos
Formato: Libro
Publicado: 2002
Các nhãn: Engadir etiqueta
Sen Etiquetas, Sexa o primeiro en etiquetar este rexistro!
Thư viện lưu trữ: Mạng thư viện Đại học Đà Nẵng
LEADER 00441nam a22001811a 4500
001 000037329
003 13624
005 20160412020330.0
008 160412s2002 000
082 |a 4A(07)371 
245 |a Super tots 3: Student’s book  |c Aleda Krause … 
260 |c 2002 
OWN |a LNN 
999 |a From the UDN01 
TYP |a Monograph 
980 |a Mạng thư viện Đại học Đà Nẵng